Massachusetts Top 10 Bordering Towns Quiz Stats

 Plays Quiz not verified by Sporcle

Support Sporcle.
Go Orange.
Score 0/68 Timer 08:00
0 Plays Today
Answer % Correct
Cambridge
76.3%
Boston
73.2%
Boston
73.2%
Quincy
71.7%
Somerville
60%
Somerville
60%
Newton
55.8%
Brookline
55.6%
Milton
52.7%
Milton
52.7%
Revere
51.9%
Revere
51.9%
Chelsea
49.5%
Watertown
47%
Watertown
47%
Braintree
47%
Dedham
46.1%
Arlington
44.5%
Everett
43.6%
Winthrop
41.6%
Salem
41.2%
Dartmouth
40.6%
Dartmouth
40.6%
West Springfield
40.6%
Chelmsford
39.7%
Weymouth
39.1%
Shrewsbury
38.9%
Needham
38.6%
Canton
38.6%
Belmont
38.4%
Saugus
38%
Chicopee
38%
Auburn
37.4%
Lynnfield
35.9%
Answer % Correct
Dracut
35.5%
Peabody
34.5%
Randolph
34.4%
Tewksbury
34.2%
Agawam
33.8%
Nahant
33.2%
Stoughton
32.8%
Avon
32.7%
Swampscott
32.6%
Abington
31.5%
Easton
31%
East Bridgewater
30%
Billerica
29.9%
Somerset
29.6%
Tyngsborough
29.6%
Freetown
29.3%
Freetown
29.3%
West Bridgewater
28.8%
Westport
28.5%
Grafton
28.4%
Hull
27.9%
Acushnet
27.5%
Longmeadow
26.9%
Whitman
26.6%
Holbrook
26%
Millbury
25.9%
Leicester
25.5%
Fairhaven
25.4%
East Longmeadow
23.9%
West Boylston
23.4%
Holden
22.9%
Paxton
22.4%
Ludlow
21.5%
Wilbraham
19.2%

You're not logged in!

Compare scores with friends on all Sporcle quizzes.
OR
Log In

From the Vault

V8 Ingredients

by SporcleAdmin

If you miss any of the juices on this list, be sure to slap yourself on the forehead and yell, "I coulda had a V8!"
Remove Ads.
Support Sporcle.
Get the best of Sporcle when you Go Orange. This ad-free experience offers more features, more stats, and more fun while also helping to support Sporcle. Thank you for becoming a member.

Show Comments

Extras

Top Quizzes Today


Score Distribution

Your Account Isn't Verified!

In order to create a playlist on Sporcle, you need to verify the email address you used during registration. Go to your Sporcle Settings to finish the process.

Report this User

Report this user for behavior that violates our Community Guidelines.

Details: